Creditrisk + In the banking industry

Đã lưu trong:
Sonraí Bibleagrafaíochta
Príomhúdar: Gundlach, Mathias
Formáid: Leabhar
Teanga:Undetermined
Foilsithe: New York Springer 2004
Ábhair:
Clibeanna: Cuir Clib Leis
Gan Chlibeanna, Bí ar an gcéad duine leis an taifead seo a chlibeáil!
Thư viện lưu trữ: Trung tâm Học liệu Trường Đại học Cần Thơ
LEADER 00530nam a2200193Ia 4500
001 CTU_94671
008 210402s9999 xx 000 0 und d
020 |c 110.18 
082 |a 332.7 
082 |b G975 
100 |a Gundlach, Mathias 
245 0 |a Creditrisk + In the banking industry 
245 0 |c Mathias Gundlach, Frank Lehrbass 
260 |a New York 
260 |b Springer 
260 |c 2004 
650 |a Credit,Bank loans,Risk management 
904 |i Trúc 
980 |a Trung tâm Học liệu Trường Đại học Cần Thơ